000 00418nam a22001697a 4500
005 20160629124113.0
008 160629b xxu||||| |||| 00| 0 eng d
020 _a81-297-04977-5
041 _aeng
082 _b10827
100 _a2 Thorpe, Edgar and Showick
_93177
245 _aConcise General Knowledge Manual (2005)
260 _bPearson
_c2005
300 _a13-145
650 _aManagement
_9241
942 _cBK
999 _c4661
_d4659